000 01134cam a22002774a 4500
999 _c232480
_d232480
001 12992740
003 Nust
005 20170218155357.0
008 021105s2003 mdu b 001 0 eng
010 _a 2002036944
020 _a9780007258116
040 _aDLC
_cDLC
_dDLC
042 _apcc
050 0 0 _aBF1311.F8
_bB73 2003
082 0 0 _a823.92
_bHAS
100 1 _a Hastings, Rook
245 1 0 _aImmortal remains :
_cby Rook Hastings
260 _aLanham, Md. :
_bRowman & Littlefield,
_c2003.
300 _axvi, 231 p. ;
_c23 cm.
504 _aIncludes bibliographical references and index.
650 0 _aYoung adult fiction
650 0 _aParanormal fiction
906 _a7
_bcbc
_corignew
_d1
_eocip
_f20
_gy-gencatlg
942 _2ddc
_cBK